Parejas LIDLT 7 - Estadísticas

Estadísticas generales
  • Esta prueba ha sido intentada 20 veces
  • La puntuación promedio es 6 de 7
Estadísticas de respuestas
Imagen Respuesta % Correcto
Borja y Ana
100%
Álex y Marieta
95%
David y María
95%
Nico y Ruth
89%
Álvaro y Andrea
79%
Adrián y Mariona
68%
Rober y Alba
53%
No se encontraron pruebas coincidentes
Distribución de puntuación
Porcentaje de gente con cada puntuación
Porcentaje por número respondido
Historial de tus puntuaciones
No has intentado esta prueba.